|
|
|
|
| LEADER |
00000nam2a2200000 4500 |
| 001 |
186387 |
| 005 |
20231031173534.0 |
| 035 |
|
|
|a (RuTPU)RU\TPU\book\202219
|
| 090 |
|
|
|a 186387
|
| 100 |
|
|
|a 20101027d1982 k y0rusy50 ca
|
| 101 |
0 |
|
|a rus
|
| 102 |
|
|
|a RU
|
| 105 |
|
|
|a a z 001zy
|
| 200 |
0 |
|
|a Вып. 16 : Новое в сырьевых ресурсах и применение редких элементов за рубежом
|
| 210 |
|
|
|d 1982
|
| 215 |
|
|
|a 98 с.
|c ил.
|
| 320 |
|
|
|a Библиогр. в конце ст.
|
| 461 |
|
1 |
|0 (RuTPU)RU\TPU\book\208560
|t Редкие элементы. Сырье и экономика
|o сборник статей
|f Академия наук СССР (АН СССР), Институт минералогии, геохимии и кристаллохимии редких элементов (ИМГРЭ) ; гл. ред. Л. Н. Овчинников
|v Вып. 16 : Новое в сырьевых ресурсах и применение редких элементов за рубежом
|d 1968-1983
|
| 610 |
1 |
|
|a сырьевые ресурсы
|
| 610 |
1 |
|
|a применение
|
| 610 |
1 |
|
|a редкие металлы
|
| 610 |
1 |
|
|a зарубежные месторождения
|
| 610 |
1 |
|
|a открытие
|
| 610 |
1 |
|
|a применение
|
| 610 |
1 |
|
|a история
|
| 675 |
|
|
|a 553.493.5
|v 4
|
| 801 |
|
1 |
|a RU
|b 63413507
|c 20101027
|
| 801 |
|
2 |
|a RU
|b 63413507
|c 20220228
|g RCR
|
| 942 |
|
|
|c BK
|